Normal view
MARC view
Entry Topical Term
001 - CONTROL NUMBER
- control field: 20065
003 - CONTROL NUMBER IDENTIFIER
- control field: OSt
005 - DATE AND TIME OF LATEST TRANSACTION
- control field: 20150106154349.0
008 - FIXED-LENGTH DATA ELEMENTS
- fixed length control field: 150106|| aca||aabn | a|a d
040 ## - CATALOGING SOURCE
- Original cataloging agency: OSt
- Transcribing agency: OSt
150 ## - HEADING--TOPICAL TERM
- Topical term or geographic name as entry element: Development economics
- Form subdivision: Congresses.
670 ## - SOURCE DATA FOUND
- Source citation: Work cat.: (OSt)0: Manchester Conference on Teaching Economic Development (1964) 20063, The teaching of development economics, its position in the present state of knowledge:, [1967]